| 000 | 00545nam a22001577a 4500 | ||
|---|---|---|---|
| 003 | OSt | ||
| 005 | 20150927103020.0 | ||
| 008 | 150927b xxu||||| |||| 00| 0 eng d | ||
| 040 | _cRUA | ||
| 082 | _aAGR IN 1997 B018 Or.1 | ||
| 100 |
_91408 _aIN, CAMHENGKEK. |
||
| 245 | _aRubber fabrication at chup rubber planation compay, ការងារផលិតកម្មជ័រកៅស៊ូនៅ ក្រុមហ៊ុនចំការកៅស៊ូ | ||
| 260 |
_aPhnom Penh _bRUA _c 1997 |
||
| 300 |
_a100p. _bill. _c29cm. |
||
| 942 |
_2ddc _cAGR |
||
| 999 |
_c1322 _d1322 |
||